000 01541cam a22004097a 4500
003 CHAP
005 20220817043615.0
008 000131d mx r 00110 spa d
010 _a79622
011 _a80594
035 _a91045
040 _cCHAP
090 _aTesis
100 0 0 _aLópez Santiago, Juan.
_968327
245 1 0 _aMétodos de control alternativo de la marchitez de crisantemo tipo margarita(Dendrathemum grandifolia Tzvel) causada por fusarium oxysporum (Shlecht.) Snyd. & Hans.
_c/por Juan López Santiago
260 _aChapingo, Méx. :
_bEl autor,
_c1999.
300 _a68 h.
502 _aTesis (M.C. en Protección Vegetal) -- UACH. Departamento de Parasitología Agrícola
590 _aALEPH
_b10
_c20130110
_lUCH01
_h1432
590 _aBATCH-UPD
_b10
_c20130110
_lUCH01
_h0017
590 _aBATCH-UPD
_b10
_c20130110
_lUCH01
_h0608
590 _aBATCH-UPD
_b10
_c20130409
_lUCH01
_h1955
590 _aBATCH-UPD
_b10
_c20130913
_lUCH01
_h2330
590 _aCONVERSION
_b10
_c20130109
_lUCH01
_h1344
650 1 4 _aAjo como fungicida.
650 1 4 _aCrisantemo
_xEnfermedades por hongos.
_928951
650 1 4 _aDendranthema morifolium.
_931769
650 1 4 _aFungicidas.
_944044
650 1 4 _aFusarium oxysporum.
_944093
650 1 4 _aTrichoderma harzianum.
_9114924
901 _aBK
905 _aPatricia Mendoza P.
942 _cFOLL
949 _bBC
_cTES
_d33724000753919
_eTS2
_fc.2
_h35126
_i91045
_sb
949 _bBC
_cTES
_d33724000753927
_eTS2
_fc.3
_h35127
_i91045
_si
949 _bBC
_cTES
_d910451
_eTS1
_h35125
_i91045
_sb
999 _c79622
_d79622